| 000 | 00773nam a22002057a 4500 | ||
|---|---|---|---|
| 999 |
_c1729 _d1729 |
||
| 003 | AR-CdUCM | ||
| 008 | 190227b ||||| |||| 00| 0 spa d | ||
| 040 |
_aMUNICIPALIDAD PROVINCIAL DEL CUSCO _cBIBLIOTECA MUNICIPAL DEL CUSCO |
||
| 082 |
_a371.26 / _bO59 |
||
| 100 |
_aOraison, Marc _92727 |
||
| 245 |
_aUna educación moral dinámica : _bCambios de perspectiva necesarios / |
||
| 260 |
_aMadrid : _bEdit. Fax; _c1972. |
||
| 300 |
_a131 paginas ; _c18 cm. |
||
| 505 | _aPunto de partida -- Juventud, banderas de búsqueda -- La moral, ciencia incierta -- Los falsos valores -- El amor, valor ultimo ... | ||
| 650 |
_aEducación moral _93587 |
||
| 650 |
_aEducación sexual _96369 |
||
| 650 |
_aCiencias inciertas _96370 |
||
| 942 |
_2ddc _cLIBROS |
||
| 945 |
_arum _d2019-02-27 |
||